000
00276nam a22001337a 4500
008
181012b xxu||||| |||| 00| 0 eng d
020
_a
639785326694
041
_a
eng
080
_a
521
100
_a
42
101
_a
AST
245
_a
Astronomy
_c
Palen, S
942
_2
udc
_c
BK
999
_c
49542
_d
49542